Statistics for Countries of the World - Alphabetical Order

Click here to take the quiz!

General Stats

  • This quiz has been taken 1,246 times
  • The average score is 111 of 196

Answer Stats

Country% Correct
Albania
93%
Afghanistan
91%
Andorra
89%
Algeria
86%
Armenia
84%
Australia
84%
Austria
84%
Antigua and Barbuda
83%
Azerbaijan
82%
Angola
81%
Argentina
81%
Bahrain
80%
Bahamas
78%
Barbados
78%
Belgium
77%
Botswana
74%
Bangladesh
73%
Belarus
73%
Belize
73%
Burundi
73%
Cameroon
73%
Benin
71%
Bhutan
71%
Bolivia
71%
Denmark
71%
Brazil
70%
Cambodia
70%
Canada
70%
Chile
70%
China
70%
Bosnia and Herzegovina
69%
Brunei
69%
Djibouti
69%
Eritrea
69%
Bulgaria
67%
Burkina Faso
67%
Chad
66%
France
66%
Zimbabwe
66%
Comoros
65%
Estonia
65%
Finland
65%
Zambia
65%
Burma
64%
Colombia
64%
Czech Republic
64%
Ecuador
64%
Ethiopia
64%
Gabon
64%
Guinea
64%
Guinea-Bissau
64%
Haiti
64%
Honduras
64%
Iceland
64%
Cape Verde
63%
Fiji
63%
Gambia
63%
Germany
63%
India
63%
Indonesia
63%
Ireland
63%
Croatia
62%
Yemen
62%
Dominica
61%
Egypt
61%
Latvia
61%
Central African Republic
60%
Costa Rica
60%
Cuba
60%
Cyprus
60%
Dominican Republic
60%
Equatorial Guinea
60%
Hungary
60%
Jamaica
60%
Japan
60%
Jordan
60%
El Salvador
59%
Ghana
59%
Guyana
59%
Iran
59%
Lithuania
59%
Iraq
58%
Israel
58%
Kazakhstan
58%
Laos
58%
East Timor
57%
Italy
57%
United Kingdom
57%
United States
57%
Greece
56%
Grenada
56%
Kiribati
56%
Kosovo
56%
Venezuela
56%
Liberia
55%
Libya
55%
Liechtenstein
55%
Luxembourg
55%
Mali
55%
Vanuatu
55%
Democratic Republic of the Congo
54%
Guatemala
54%
Kenya
54%
Uruguay
54%
Vatican City
54%
Kuwait
53%
Lebanon
53%
Macedonia
53%
Mauritania
53%
Oman
53%
United Arab Emirates
53%
Uzbekistan
53%
Vietnam
53%
Georgia
52%
Kyrgyzstan
52%
Malawi
52%
Madagascar
51%
Monaco
51%
Turkey
51%
Turkmenistan
51%
Cote d'Ivoire
50%
Lesotho
50%
Maldives
50%
Malta
50%
Nauru
50%
Qatar
50%
Uganda
50%
Mauritius
49%
Montenegro
49%
Palau
49%
Ukraine
49%
Mexico
48%
Namibia
48%
Netherlands
48%
Norway
48%
Pakistan
48%
Peru
48%
Romania
48%
Russia
48%
Malaysia
47%
Moldova
47%
Niger
47%
Nigeria
47%
Poland
47%
Rwanda
47%
Tuvalu
47%
Mozambique
46%
Nicaragua
46%
North Korea
46%
Panama
46%
Paraguay
46%
Portugal
46%
South Korea
46%
Sweden
46%
Federated States of Micronesia
45%
Mongolia
45%
South Sudan
45%
Switzerland
45%
Tajikistan
45%
Togo
45%
Tonga
45%
Nepal
44%
New Zealand
44%
Saint Kitts and Nevis
44%
Saint Lucia
44%
Saint Vincent and the Grenadines
44%
Sao Tome and Principe
44%
Slovakia
44%
Slovenia
44%
South Africa
44%
Sudan
44%
Swaziland
44%
Morocco
43%
Thailand
43%
Tunisia
43%
Marshall Islands
42%
Papua New Guinea
42%
Philippines
42%
Samoa
42%
San Marino
42%
Senegal
42%
Serbia
42%
Syria
42%
Tanzania
42%
Somalia
41%
Suriname
41%
Trinidad and Tobago
41%
Seychelles
40%
Taiwan
40%
Spain
39%
Sierra Leone
37%
Singapore
37%
Solomon Islands
36%
Saudi Arabia
35%
Sri Lanka
35%
Republic of the Congo
34%

Score Distribution

Percentile by Number Answered

Percent of People with Each Score

Your Score History

You have not taken this quiz